Acting in the cinema

Αποθηκεύτηκε σε:
Λεπτομέρειες βιβλιογραφικής εγγραφής
Κύριος συγγραφέας: Naremore, James
Μορφή: Βιβλίο
Γλώσσα:English
Δημοσίευση: Berkeley : University of California Press, 1990, 1988
Θέματα:
Ετικέτες: Προσθήκη ετικέτας
Δεν υπάρχουν, Καταχωρήστε ετικέτα πρώτοι!

MARC

LEADER 00000nam a2200000 i 4500
001 1/98878
008 081205r19901988 eng d
020 |a 978-0-520-07194-0 (pbk.) 
035 |l 10102250 
040 |a GR-MY-UA  |b gre  |e aacr 
041 0 |a eng 
082 0 |a 791.43028  |2 (22) 
100 1 |a Naremore, James. 
245 1 0 |a Acting in the cinema /  |c James Naremore 
260 |a Berkeley :   |b University of California Press,   |c 1990, 1988 
300 |a ix, 307 σ.;  |b εικ.;  |c 23 εκ. 
500 |a Πρώτη χαρτόδετη έκδοση 1990 
504 |a Βιβλιογραφία: σ. 287-293 
504 |a Ευρετήριο: σ. 295-307 
650 0 0 |a Motion picture acting. 
650 0 0 |a Motion pictures  |z United States. 
852 |a INST  |b LESVOS  |e 20081205  |h 791.43028 NAR  |p 005100044154  |q 005100044154  |t BK  |y 0 
901 |a BIBL1-2008-3 
909 |a Λ  |b 154008 
922 |a 1ΕΛΗ  |b 200809  |c ΕΠΕΑΕΚ2/ΠΤΕ  |d ΕΛΕΥΘΕΡΟΥΔΑΚΗΣ 
970 |a ΓΙΑΛΑΜΑ  |b ΜΑΡΙΑ  |z 2008/12/05